000 00331 a2200157 4500
001 186970
020 _a85-262-1658-9
040 _cMagnum
240 1 0 _aA cabra do seu joaquim
_lpor
245 1 0 _aA cabra do seu joaquim
300 _a23
362 0 _a1994
440 1 _aScipione
697 _aLITERATURA INFANTO
942 _cBK
999 _c186970
_d186970